000 00577nam a2200217Ia 4500
003 GCL
008 140319s9999 xx 000 0 eng d
040 _aGCL /
_cGCL
082 0 4 _a576
_bS M
100 1 _aSHARMA, P.D.
245 1 0 _aMICROBIOLOGY AND PLANT PATHOLOGY: ATEXT BOOK FOR UNIVERSITY STUDENTS /
_cSHARMA, P.D.
260 _a[S.N] :
_bPASTOGI& COMPANY ،
_c1993
300 _a1143 P
650 0 4 _aPOLLUTION
650 0 4 _aBACTERIA
650 0 4 _aWATER POLLUTION
650 0 4 _aBOTANY
650 0 4 _aMICROBIOLOGY
650 0 4 _aPLANT - PATHOLOGY
942 _2ddc
_cBK
999 _c20076
_d20076